000 00848nam a2200217 a 4500
008 120416s1978 ||||||||||||||||| || u
020 _a0521206286
050 _aKD 173.T3 Sim
100 _aSimpson, Stanhope Rowton
245 1 0 _aLand law and registration
260 _aCambridge
_bCambridge University Press
_c1978
300 _axlix,726p. : ill.
350 _a0.00
500 _aIncludes index. -Bibliography: p. xxviii-xxxi.
650 _aLAW
650 _aLAND TENURE--LAW AND LEGISLATION
650 _aLand titles--Registration and transfer
650 _aLAND TENURE--LAW AND LEGISLATION--GREAT BRITAIN
650 _aLand titles--Registration and transfer--Great Britain
995 _D0.00
_FCBU-MAIN LIBRARY (Kitwe)
_H1
_I75.00
_M1
_UAVAILABLE
_ZAnnex Low-Usage Collection
999 _c48788
_d48788